| 000 | 00411cam a2200169ua 4500 | ||
|---|---|---|---|
| 020 | _c2.00 | ||
| 041 |
_amal _h |
||
| 082 |
_a894.8122 _bSAD/KA |
||
| 100 | _aSadanandan, S L Puram . | ||
| 245 |
_aKakkapponnu / _cS L Puram Sadanandan. _hTextual Documents |
||
| 260 |
_aThrissur : _bCurrent Books , _c1962. |
||
| 300 | _a145 ; . | ||
| 365 | _a2.00 | ||
| 504 | _a | ||
| 942 | _cBK | ||
| 999 |
_c12787 _d12787 |
||